The Romans (Record no. 3149)
[ view plain ]
| 000 -LEADER | |
|---|---|
| fixed length control field | 00412nam a2200193Ia 4500 |
| 003 - CONTROL NUMBER IDENTIFIER | |
| control field | 0100 |
| 008 - FIXED-LENGTH DATA ELEMENTS--GENERAL INFORMATION | |
| fixed length control field | 130227s9999 xx 000 0 und d |
| 040 ## - CATALOGING SOURCE | |
| Transcribing agency | ARRUPELIB |
| 050 ## - LIBRARY OF CONGRESS CALL NUMBER | |
| Classification number | DG77.B34 |
| 100 ## - MAIN ENTRY--PERSONAL NAME | |
| Personal name | Barrow, Reginald Haynes |
| 9 (RLIN) | 43903 |
| 245 #4 - TITLE STATEMENT | |
| Title | The Romans |
| Statement of responsibility, etc | REginald Haynes Barrow |
| 260 ## - PUBLICATION, DISTRIBUTION, ETC. (IMPRINT) | |
| Place of publication, distribution, etc | Harmondsworth |
| Name of publisher, distributor, etc | Penguin Books |
| Date of publication, distribution, etc | 1949 |
| 300 ## - PHYSICAL DESCRIPTION | |
| Extent | 223p. ; |
| Dimensions | 18cm. |
| 650 ## - SUBJECT ADDED ENTRY--TOPICAL TERM | |
| Topical term following geographic name as entry element | Rome |
| General subdivision | Civilization |
| 9 (RLIN) | 43904 |
| 942 ## - ADDED ENTRY ELEMENTS (KOHA) | |
| Source of classification or shelving scheme | Library of Congress Classification |
| Item type | Monograph ( Printed materials) |
| Withdrawn status | Lost status | Source of classification or shelving scheme | Damaged status | Not for loan | Collection code | Home library | Current library | Shelving location | Date acquired | Total Checkouts | Full call number | Barcode | Date last seen | Copy number | Price effective from | Koha item type |
|---|---|---|---|---|---|---|---|---|---|---|---|---|---|---|---|---|
| Library of Congress Classification | Main Collection | ARRUPE LIBRARY | ARRUPE LIBRARY | Main Collection | 27/02/2013 | DG77.B34 | 46404116 | 04/12/2017 | 1 | 27/02/2013 | Monograph ( Printed materials) | |||||
| Library of Congress Classification | SPECIAL Collection | ARRUPE LIBRARY | ARRUPE LIBRARY | REFERENCE | 09/01/2019 | SPC. DG77.B34 | 46600002776 | 09/01/2019 | 09/01/2019 | SPC |